| 000 | 00737nam a2200205 a 4500 | ||
|---|---|---|---|
| 001 | 000045571 | ||
| 005 | 20201002052325.0 | ||
| 008 | 150415s1995 dr 000 0 spa d | ||
| 040 |
_aDO-SdBNP _bspa _cBNPHU |
||
| 082 |
_axxxx _bxxxx |
||
| 100 | 1 |
_aPimentel, Miguel A., _d1951- _917990 |
|
| 245 | 1 | 0 |
_aPoder y política en la era de Trujillo / _cMiguel A. Pimentel. |
| 260 |
_aSanto Domingo : _bImprenta Amiama, _c1995. |
||
| 300 |
_av. ; _c21cm. |
||
| 500 | _aPerteneció a la biblioteca personal de Erick Landestoy. | ||
| 500 | _aIncluye datos biográficos del autor en la solapa de la contracubierta | ||
| 500 | _aLa biblioteca posee el v. 1 | ||
| 504 | _aBibliografía : p. 109-111 | ||
| 505 | 0 | _aFilosofía y política (1930-1961). | |
| 999 |
_c45060 _d45060 |
||